Vista normal
Vista MARC
Entrada Personal Name
Número de registros utilizados en: 1
001 - CONTROL NUMBER
- control field: 17605
003 - CONTROL NUMBER IDENTIFIER
- control field: DLC
005 - DATE AND TIME OF LATEST TRANSACTION
- control field: 20251015123047.0
008 - FIXED-LENGTH DATA ELEMENTS
- fixed length control field: 860902n| acannaabn |n aaa
010 ## - LIBRARY OF CONGRESS CONTROL NUMBER
- LC control number: n 86108534
035 ## - SYSTEM CONTROL NUMBER
- System control number: (OCoLC)oca01690822
040 ## - CATALOGING SOURCE
- Original cataloging agency: DLC
- Language of cataloging: spa
- Transcribing agency: Mx-PuUPA
- Modifying agency: OCoLC
- Modifying agency: PSt
- Modifying agency: Mx-PuUPA
- Description conventions: rda
100 1# - HEADING--PERSONAL NAME
- Personal name: Iovine, Enrique,
373 ## - ASSOCIATED GROUP
- Associated group: Hospital Durand de Buenos Aires, Argentina
- Associated group: Hospital Naval de Buenos Aires, Argentina
374 ## - OCCUPATION
- Occupation: Autor
- Occupation: Bioquímico consultor
375 ## - GENDER
- Gender: hombre
377 ## - ASSOCIATED LANGUAGE
- Language code: spa
670 ## - SOURCE DATA FOUND
- Source citation: Aterosclerosis, c1985:
- Information found: t.p. (Enrique Iovine, ex-prof. at the Fac. de Farmacia y Bioquimica de Buenos Aires, is now a consultant at the Hosp. Naval de Buenos Aires and an académico titular at the Academia Arg. de Farmacia y Bioquímica)